The noble scholar, jurist, historian


 His Excellency Dr. Abdul Wahhab bin Ibrahim Abu Sulaiman, may Allah have mercy on him.


 He was born in Umm Al-Qura in the year 1356 AH.

ترجيح أساليب القرآن على أساليب اليونان / (Record no. 8674)

MARC details
000 -LEADER
fixed length control field 01418cam a2200301 i 4500
003 - CONTROL NUMBER IDENTIFIER
control field SA-RiAUC
005 - DATE AND TIME OF LATEST TRANSACTION
control field 20250602111634.0
008 - FIXED-LENGTH DATA ELEMENTS--GENERAL INFORMATION
fixed length control field 250528s1931 ua g 000r0 ara c
040 ## - CATALOGING SOURCE
Original cataloging agency SA-JeALM
Language of cataloging ara
Transcribing agency SA-RiAUC
Description conventions rda
043 ## - GEOGRAPHIC AREA CODE
Geographic area code e-gr---
082 04 - DEWEY DECIMAL CLASSIFICATION NUMBER
Classification number 240
Assigning agency SA-RiAUC
090 ## - LOCALLY ASSIGNED LC-TYPE CALL NUMBER (OCLC); LOCAL CALL NUMBER (RLIN)
Classification number (OCLC) (R) ; Classification number, CALL (RLIN) (NR) ن 240
Local cutter number (OCLC) ; Book number/undivided call number, CALL (RLIN) ا ب ن و
100 1# - MAIN ENTRY--PERSONAL NAME
Personal name ابن الوزير، محمد بن إبراهيم بن علي،
Dates associated with a name 775-840 هجري
Relator term مؤلف.
245 10 - TITLE STATEMENT
Title ترجيح أساليب القرآن على أساليب اليونان /
Statement of responsibility, etc. تأليف محمد بن إبراهيم الوزير الحسني اليمني الصنعاني.
264 #1 - PRODUCTION, PUBLICATION, DISTRIBUTION, MANUFACTURE, AND COPYRIGHT NOTICE
Place of production, publication, distribution, manufacture القاهرة :
Name of producer, publisher, distributor, manufacturer مكتبة الجمعية العلمية،
Date of production, publication, distribution, manufacture, or copyright notice 1931
300 ## - PHYSICAL DESCRIPTION
Extent 196 صفحة ؛
Dimensions 24 سم.
336 ## - CONTENT TYPE
Content type term نص
Content type code txt
Source rdacontent
Materials specified كتاب
337 ## - MEDIA TYPE
Media type term بدون وسيط
Media type code n
Source rdamedia
338 ## - CARRIER TYPE
Carrier type term مجلد
Carrier type code nc
Source rdacarrier
500 ## - GENERAL NOTE
General note طبع بإذن خاص من بعض علماء آل بيت رسول الله لمدير إدارة طباعة الجمعية العلمية الأزهرية المصرية الملايوية.
500 ## - GENERAL NOTE
General note فرغ من تأليفه سنة 1129 هـ.
500 ## - GENERAL NOTE
General note يشتمل على ترجمة لمؤلف الكتاب.
630 27 - SUBJECT ADDED ENTRY--UNIFORM TITLE
Uniform title القرآن
General subdivision مباحث عامة
Source of heading or term aucut
650 #7 - SUBJECT ADDED ENTRY--TOPICAL TERM
Topical term or geographic name entry element الفلسفة اليونانية
Source of heading or term aucsh
730 22 - ADDED ENTRY--UNIFORM TITLE
Uniform title القرآن
942 ## - ADDED ENTRY ELEMENTS (KOHA)
Source of classification or shelving scheme Dewey Decimal Classification
Koha item type كتاب نادر
Suppress in OPAC No
949 ## - LOCAL PROCESSING INFORMATION (OCLC)
a SA-JeALM
d 250528
u osman123
n 1
Holdings
Withdrawn status Lost status Source of classification or shelving scheme Damaged status Not for loan Home library Current library Date acquired Total checkouts Full call number Barcode Date last seen Price effective from Koha item type
    Dewey Decimal Classification     DR AbdElwahab Library DR AbdElwahab Library 06/02/2025   ن 240 ا ب ن و 000013948 06/02/2025 06/02/2025 كتاب نادر